000 02334nam a22002657a 4500
001 BRCA_9299
003 FranzMayer
005 20230726134606.0
008 230726b |||||||| |||| 00| 0 eng d
040 _aMFM
_besp
_cMFM
050 4 _aLM49
_bP37 1751
082 _2CR3499
100 1 _4Autor
_aParexa de Quesada, Gabrielis
_928982
240 1 _aL. D. Gabrielis de Parexa et Quesada in supremo sanctissimae inquisitions. Senatu Pauperum Advocati & in aliis hujus Regiae Curiae caufarum Patroni, De universa Instrumentorum Editione.
_hTomus Secundus. In quo quinque pofteriores Títuli enucleantur, totaque Editionis materia ad praxim & ftylum hodiernum accommodata, indifeffoque labore in fimul junsta confpicitur. Opus fane Indicibus, tam Ecclefiafticis, quam Saecularibus, Congefforibus. Advocatis & aliis in utroque foro verfantibus utiliffimum
_lLatín
245 0 _aL.D. Gabrielis de Parexa et Quesada in supremo sanctissimae inquisitions. Senatu Pauperum Advocati & in aliis hujus Regiae Curiae caufarum Patroni,De universa Instrumentorum Editione.
_bTomus Secundus. In quo quinque pofteriores Títuli encleantur, totaque Editionis materia ad praxim & ftylum hodiernum accommodata, indifeffoque labore in fimul junsta confpicitur. Opus fane indicibus, tam Ecclefiafticis, quam Secularibus, Confefforibus. Adbvocatis & aliis in utroque foro verfantibus utiliffinum.
250 _aEdición novena
260 _aLugduni
_bSumptibus Petri Bruyset & Sociorum
_c1751
300 _a246 p
_c37 cm
440 _aL.D. Gabrielis de Parexa et Quesada in supremo sanctissimae inquisitionis. Senatu Pauperum Advocati & in aliis huju Regiae Curiae caufarum Patroni. De Universa Insstrumentorum Editione
_nTomus Secundus
_pIn quo quinque pofteriores Titulli enucleantur, totaque Editions materia ad praxim & flylum hodiernum accommodata, indefeffoque labore in fimul juncta confpicitur. Opus fane Judicibus, tam Ecclefiafticis, quam Saecularibus, Confefforibus Advocatis & aliis i utroque foro verfantibus utiliffmum.
_vVol II.
_928983
500 _aCon privilegio de la Corona
505 0 _aTexto en: latínDirigido a: historiadores, sociólogos y antropólogos.Incluye índice temático.
650 1 _2Realeza
_aHerencia
_vProvincias
_928984
651 2 _2Títulos de honor
_aTítulos de realeza
_vHaciendas
_928985
942 _2lcc
_cB
999 _c10921
_d10921